Statistics for Famous People from Louisiana

Click here to take the quiz!

General Stats

  • This quiz has been taken 4,405 times
    (3,327 since last reset)
  • The average score is 9 of 20

Answer Stats

HintHometownAnswer% Correct
Trumpeter called SatchmoNew OrleansLouis Armstrong
90%
Kennedy assassinNew OrleansLee Harvey
Oswald
79%
"Great Balls of Fire"FerridayJerry Lee Lewis
64%
KFed's baby mamaKentwoodBritney Spears
64%
Dory from "Finding Nemo"MetairieEllen DeGeneres
62%
He is MadeaNew OrleansTyler Perry
58%
"Sweatin" to the Oldies"New OrleansRichard Simmons
50%
5x NFL MVPNew OrleansPeyton Manning
47%
Author of "Interview with
the Vampire"
New OrleansAnne Rice
46%
Former Steelers QBShreveportTerry Bradshaw
46%
OJ Simpson lawyer and
glove-fit expert
ShreveportJohnnie Cochran
43%
Rapper born Dwayne CarterNew OrleansLil Wayne
39%
He wants to know if you are
ready for some football
ShreveportHank Williams Jr.
38%
President #12Baton RougeZachary Taylor
38%
Charismatic governor
killed in 1935
WinfieldHuey Long
37%
Jazz singer and
"American Idol" judge
New OrleansHarry Connick Jr.
31%
"Live Like You Were Dying"
country singer
MonroeTim McGraw
29%
Notable duck-call salesmanVivianPhil Robertson
24%
"Night Court" actorNew OrleansJohn Larroquette
22%
"A Confederacy of Dunces"New OrleansJohn Kennedy
Toole
15%

Score Distribution

Percentile by Number Answered

Percent of People with Each Score

Your Score History

You have not taken this quiz since the last reset